[Event "LIBEREC OPEN 2019"]
[Site "Clarion Grandhotel Zlaty Lev, Liberec"]
[Date "2019.02.25"]
[Round "3"]
[White "Vitak, Jiri"]
[Black "Hofman, Krystof"]
[Result "1/2-1/2"]
[WhiteElo "2157"]
[BlackElo "2025"]
[PlyCount "82"]
[EventDate "2019.02.23"]

1. d4 Nf6 2. c4 g6 3. Nc3 Bg7 4. Nf3 O-O 5. g3 d6 6. Bg2 c5 7. O-O cxd4 8. Nxd4
Nc6 9. Nxc6 bxc6 10. Bxc6 Bh3 11. Bg2 Bxg2 12. Kxg2 Qc7 13. Qd3 Rfc8 14. Rb1
Qxc4 15. Qxc4 Rxc4 16. Bd2 Ne4 17. Nxe4 Rxe4 18. Kf3 Ra4 19. a3 a5 20. Rfc1 Rb8
21. Kg2 f5 22. b4 axb4 23. Bxb4 Kf7 24. Rb3 Bd4 25. Rd3 Bb6 26. Rc6 Ke8 27. Rd5
Kd7 28. Rc3 Ra7 29. f3 Rc7 30. Rxc7+ Kxc7 31. e4 fxe4 32. fxe4 Rf8 33. Rd2 Kc6
34. e5 Bc5 35. Rc2 Kd5 36. exd6 Bxb4 37. axb4 exd6 38. Rd2+ Kc6 39. Rc2+ Kb5
40. Rd2 Kc6 41. Rc2+ Kb5 1/2-1/2

[Event "LIBEREC OPEN 2019"]
[Site "Clarion Grandhotel Zlaty Lev, Liberec"]
[Date "2019.02.25"]
[Round "3"]
[White "Romanov, Sergey"]
[Black "Bradac, Daniel"]
[Result "1/2-1/2"]
[WhiteElo "2139"]
[BlackElo "2020"]
[PlyCount "60"]
[EventDate "2019.02.23"]

1. e4 d5 2. exd5 Qxd5 3. Nc3 Qd8 4. d4 Nf6 5. Nf3 Bg4 6. h3 Bh5 7. g4 Bg6 8.
Ne5 e6 9. Bg2 c6 10. a3 Nbd7 11. Nxg6 hxg6 12. Bf4 Nb6 13. Qd3 Bd6 14. Bd2 Qc7
15. O-O-O O-O-O 16. Rhe1 Nfd5 17. Ne4 Bf4 18. Be3 e5 19. c4 exd4 20. cxd5 dxe3
21. fxe3 Rxd5 22. Qb3 Rb5 23. Qd3 Be5 24. Re2 Na4 25. b4 a5 26. Qb3 Nb6 27. Nc5
axb4 28. axb4 Bd6 29. Rc2 Bxc5 30. Rxc5 Re8 1/2-1/2

[Event "LIBEREC OPEN 2019"]
[Site "Clarion Grandhotel Zlaty Lev, Liberec"]
[Date "2019.02.25"]
[Round "3"]
[White "Czarniecka, Aleksandra"]
[Black "Bakhtin, Vladimir A"]
[Result "1/2-1/2"]
[WhiteElo "2022"]
[BlackElo "2138"]
[PlyCount "94"]
[EventDate "2019.02.23"]

1. e4 d5 2. exd5 Qxd5 3. Nc3 Qa5 4. d4 Nf6 5. Nf3 Bg4 6. h3 Bh5 7. g4 Bg6 8.
Ne5 e6 9. Bd2 Qb6 10. Bc1 Bb4 11. Nxg6 hxg6 12. Bg2 Nc6 13. Be3 Nd5 14. Qd3 Rd8
15. O-O Nxe3 16. fxe3 O-O 17. Ne2 Be7 18. b3 e5 19. c3 exd4 20. exd4 Bf6 21.
Kh1 Ne7 22. Nf4 c6 23. Rae1 Qc7 24. Qf3 Nd5 25. Nxd5 Rxd5 26. Qf4 Rd7 27. Qxc7
Rxc7 28. Rf3 Rd8 29. Rfe3 Kf8 30. Bf3 Bg5 31. R3e2 Bh4 32. Rd1 Bf6 33. Rde1 c5
34. dxc5 Bxc3 35. Rf1 Bb4 36. Rc1 Rdc8 37. Rec2 Ba3 38. Rd1 Bxc5 39. Rdc1 b6
40. b4 Bd6 41. Rxc7 Rxc7 42. Rxc7 Bxc7 43. Kg2 Ke7 44. Bc6 f6 45. Kf3 Ke6 46.
Be8 g5 47. Ke4 Bd6 1/2-1/2

[Event "LIBEREC OPEN 2019"]
[Site "Clarion Grandhotel Zlaty Lev, Liberec"]
[Date "2019.02.25"]
[Round "3"]
[White "Kruijf, Caspar"]
[Black "Kaderabek, Jiri"]
[Result "0-1"]
[WhiteElo "1989"]
[BlackElo "2093"]
[PlyCount "44"]
[EventDate "2019.02.23"]

1. e4 d6 2. d4 Nf6 3. Nc3 g6 4. f4 Bg7 5. Nf3 O-O 6. Bd3 Na6 7. O-O c5 8. d5
Bg4 9. a3 Nc7 10. h3 Bxf3 11. Qxf3 e6 12. Bc4 exd5 13. exd5 a6 14. a4 Qd7 15.
a5 Nb5 16. Ne2 Rae8 17. Bd3 Re7 18. Bd2 Rfe8 19. c4 Rxe2 20. cxb5 Rxd2 21. bxa6
bxa6 22. Bxa6 Rd4 0-1

[Event "LIBEREC OPEN 2019"]
[Site "Clarion Grandhotel Zlaty Lev, Liberec"]
[Date "2019.02.25"]
[Round "3"]
[White "Hlavina, Matous"]
[Black "Balinski, Damian"]
[Result "0-1"]
[WhiteElo "1985"]
[BlackElo "2161"]
[PlyCount "98"]
[EventDate "2019.02.23"]

1. e4 d5 2. exd5 Nf6 3. Nf3 Nxd5 4. d4 Bg4 5. h3 Bh5 6. c4 Nb6 7. Nc3 e6 8. g4
Bg6 9. Ne5 N8d7 10. Nxg6 hxg6 11. c5 Nd5 12. Nxd5 exd5 13. Qb3 Qe7+ 14. Be3
O-O-O 15. O-O-O Nf6 16. Bg5 Qd7 17. Bg2 Be7 18. Rhe1 Rhe8 19. Qc2 Ng8 20. Bf4
g5 21. Bg3 Bf6 22. Rxe8 Rxe8 23. f4 Ne7 24. f5 Nc6 25. Bf2 Rd8 26. Bg1 Ne7 27.
Re1 Qb5 28. Bf1 Qa5 29. Qc3 Qxa2 30. Kc2 Nc6 31. Bb5 Na5 32. Re8 c6 33. Rxd8+
Kxd8 34. Be2 Nc4 35. Bxc4 dxc4 36. Qb4 Kc8 37. Qa3 Qxa3 38. bxa3 b6 39. cxb6
axb6 40. a4 b5 41. Kc3 Kb7 42. axb5 cxb5 43. Kb4 Kc6 44. Be3 Be7+ 45. Kc3 Kd5
46. Bf2 b4+ 47. Kd2 Ke4 48. Bg1 Bd8 49. Kc2 Bb6 0-1

[Event "LIBEREC OPEN 2019"]
[Site "Clarion Grandhotel Zlaty Lev, Liberec"]
[Date "2019.02.25"]
[Round "3"]
[White "Dzikowski, Michal"]
[Black "Jeute, Peter"]
[Result "1-0"]
[WhiteElo "2132"]
[BlackElo "1928"]
[PlyCount "71"]
[EventDate "2019.02.23"]

1. d4 d5 2. c4 e6 3. Nc3 c5 4. cxd5 exd5 5. Nf3 Nc6 6. g3 Nf6 7. Bg2 Be7 8. O-O
O-O 9. dxc5 Bxc5 10. Na4 Be7 11. Be3 Ne4 12. Rc1 Be6 13. Nd4 Nxd4 14. Bxd4 Qa5
15. a3 Rac8 16. Nc3 Nf6 17. Qb3 b6 18. Bxf6 Bxf6 19. Nxd5 Rxc1 20. Rxc1 Bxd5
21. Bxd5 g6 22. e4 Qd2 23. Rc2 Qd4 24. Kg2 Kg7 25. Rc7 Qxb2 26. Bxf7 Qe5 27.
Qc4 Qxc7 28. Qxc7 Rxf7 29. Qc6 Bd4 30. f4 Bc5 31. a4 Rf6 32. Qd7+ Rf7 33. Qd5
a5 34. e5 Re7 35. g4 Rf7 36. Kf3 1-0

[Event "LIBEREC OPEN 2019"]
[Site "Clarion Grandhotel Zlaty Lev, Liberec"]
[Date "2019.02.25"]
[Round "3"]
[White "Polansky, Adam Lubos"]
[Black "Cermak, Michal"]
[Result "0-1"]
[WhiteElo "1997"]
[BlackElo "2106"]
[PlyCount "60"]
[EventDate "2019.02.23"]

1. d4 Nf6 2. c4 g6 3. Nc3 d5 4. Bg5 Ne4 5. Bh4 Nxc3 6. bxc3 Bg7 7. e3 c5 8. Nf3
Nc6 9. Qb3 cxd4 10. cxd4 O-O 11. Be2 dxc4 12. Qxc4 Qa5+ 13. Nd2 a6 14. Qc2 Bf5
15. Qb2 e5 16. O-O exd4 17. Nc4 dxe3 18. Qxb7 Qb5 19. Nb6 Qxe2 20. Nxa8 Bxa1
21. Rxa1 Be4 22. f3 Rb8 23. Qc7 Rb2 24. Qg3 Bd5 25. Nc7 Rxa2 26. Re1 Qd2 27. h3
Be6 28. Nxe6 fxe6 29. Qg5 Ne5 30. Rxe3 Nf7 0-1

[Event "LIBEREC OPEN 2019"]
[Site "Clarion Grandhotel Zlaty Lev, Liberec"]
[Date "2019.02.25"]
[Round "3"]
[White "Habenicht, Martin"]
[Black "Jordanov, Mihail"]
[Result "0-1"]
[WhiteElo "1626"]
[BlackElo "1992"]
[PlyCount "34"]
[EventDate "2019.02.23"]

1. d4 Nf6 2. Nf3 e6 3. g3 b6 4. Bg2 Bb7 5. O-O Be7 6. c4 O-O 7. d5 exd5 8. Nh4
c6 9. cxd5 Nxd5 10. Nf5 Bc5 11. e4 Ne7 12. Nxe7+ Qxe7 13. Nc3 f5 14. exf5 Rxf5
15. Ne4 d5 16. Qg4 Rf7 17. Ng5 Rxf2 0-1

[Event "LIBEREC OPEN 2019"]
[Site "Clarion Grandhotel Zlaty Lev, Liberec"]
[Date "2019.02.25"]
[Round "3"]
[White "Harcuba, Adam"]
[Black "Skurniak, Szymon"]
[Result "0-1"]
[WhiteElo "1620"]
[BlackElo "1974"]
[PlyCount "64"]
[EventDate "2019.02.23"]

1. d4 Nf6 2. Nf3 g6 3. e3 Bg7 4. Bd3 O-O 5. O-O d5 6. Nbd2 c5 7. c3 Nbd7 8. Qe2
b6 9. e4 dxe4 10. Nxe4 cxd4 11. cxd4 Bb7 12. Bf4 Nd5 13. Be5 Nxe5 14. Nxe5 Bxe5
15. dxe5 Nf4 16. Qf3 Qxd3 17. Nf6+ exf6 18. Qxf4 fxe5 19. Qxe5 Qe4 20. Qg5 Rfe8
21. Rad1 Ba6 22. f3 Qe3+ 23. Qxe3 Rxe3 24. Rfe1 Rxe1+ 25. Rxe1 Rc8 26. Re7 Rc1+
27. Kf2 Rc2+ 28. Kg3 Rxb2 29. Rxa7 Rxa2 30. h4 Bc4 31. Rb7 b5 32. Kh3 Bf1 0-1

[Event "LIBEREC OPEN 2019"]
[Site "Clarion Grandhotel Zlaty Lev, Liberec"]
[Date "2019.02.25"]
[Round "3"]
[White "Lisko, Petr"]
[Black "Hodan, Jiri"]
[Result "0-1"]
[WhiteElo "1571"]
[BlackElo "1865"]
[PlyCount "56"]
[EventDate "2019.02.23"]

1. Nf3 f5 2. c4 Nf6 3. Nc3 g6 4. d4 Bg7 5. e3 O-O 6. Be2 d6 7. Bd2 Qe8 8. Qb3
c6 9. O-O-O Nbd7 10. Ng5 e5 11. c5+ d5 12. f4 exd4 13. exd4 h6 14. Nf3 Ne4 15.
Nxe4 fxe4 16. Ne5 Nxe5 17. dxe5 Be6 18. Qe3 b6 19. Kb1 Rf7 20. a3 bxc5 21. Qxc5
Bf8 22. Qa5 c5 23. g4 d4 24. Bb5 Qc8 25. Ba6 Qc6 26. Rhf1 e3 27. Bxe3 Qe4+ 28.
Ka1 Qxe3 0-1

[Event "LIBEREC OPEN 2019"]
[Site "Clarion Grandhotel Zlaty Lev, Liberec"]
[Date "2019.02.25"]
[Round "3"]
[White "Ulicny, Daniel"]
[Black "Bruna, Matous"]
[Result "1-0"]
[WhiteElo "1802"]
[BlackElo "1504"]
[PlyCount "57"]
[EventDate "2019.02.23"]

1. d4 d5 2. c4 c6 3. Nf3 Nf6 4. Nc3 e6 5. e3 Be7 6. Ne5 Nbd7 7. f4 Ne4 8. Nxe4
dxe4 9. Bd2 Nxe5 10. fxe5 f5 11. exf6 Bxf6 12. Qc2 O-O 13. Qxe4 Qb6 14. Bc3 c5
15. Bd3 g6 16. h4 cxd4 17. exd4 Qc6 18. Qxc6 bxc6 19. O-O-O Ba6 20. Rde1 Rfe8
21. h5 g5 22. Rhf1 Bg7 23. h6 Bxh6 24. Rh1 Bg7 25. Bxh7+ Kf7 26. Be4 Rac8 27.
Ref1+ Ke7 28. Rh7 Rg8 29. Bb4+ 1-0

[Event "LIBEREC OPEN 2019"]
[Site "Clarion Grandhotel Zlaty Lev, Liberec"]
[Date "2019.02.25"]
[Round "3"]
[White "Hercik, Petr"]
[Black "Dobsinsky, Petr"]
[Result "1-0"]
[WhiteElo "1564"]
[BlackElo "1360"]
[PlyCount "49"]
[EventDate "2019.02.23"]

1. e4 e6 2. d4 d5 3. e5 c5 4. c3 Nc6 5. Nf3 Nge7 6. Bd3 c4 7. Bc2 Bd7 8. O-O
Nc8 9. Bg5 Be7 10. Bxe7 Qxe7 11. Nbd2 f5 12. exf6 Qxf6 13. Re1 Nd6 14. Ne5
O-O-O 15. Qe2 Nf7 16. Ndf3 Nfxe5 17. dxe5 Qf7 18. b3 b5 19. bxc4 bxc4 20. Qe3
Kc7 21. Ba4 Ra8 22. Rab1 Rhc8 23. Rb5 Kd8 24. Rb7 Rcb8 25. Bxc6 1-0

[Event "LIBEREC OPEN 2019"]
[Site "Clarion Grandhotel Zlaty Lev, Liberec"]
[Date "2019.02.25"]
[Round "3"]
[White "Stocek, Jiri"]
[Black "Ivanov, Mikhail M"]
[Result "0-1"]
[WhiteElo "1316"]
[BlackElo "2387"]
[PlyCount "56"]
[EventDate "2019.02.23"]

1. c4 c5 2. Nc3 g6 3. d3 Bg7 4. Bd2 Nc6 5. g3 h5 6. Bg2 h4 7. Bxc6 bxc6 8. e3
hxg3 9. fxg3 d6 10. Qe2 Nf6 11. Qf2 Rb8 12. b3 Ng4 13. Qe2 Ne5 14. e4 Bg4 15.
Qf1 Qa5 16. h3 Nxc4 17. Nge2 Nxd2 18. Kxd2 Bxe2 19. Kxe2 Bxc3 20. Rc1 Qxa2+ 21.
Kf3 Rxb3 22. h4 Bd4 23. Kg4 Rb2 24. Kh3 Qe6+ 25. g4 g5 26. Qf5 Rxh4+ 27. Kg3
Be5+ 28. Kf3 Bh2 0-1

[Event "LIBEREC OPEN 2019"]
[Site "Clarion Grandhotel Zlaty Lev, Liberec"]
[Date "2019.02.26"]
[Round "4"]
[White "Kaderabek, Jiri"]
[Black "Dowgird, Filip"]
[Result "0-1"]
[WhiteElo "2093"]
[BlackElo "2270"]
[PlyCount "80"]
[EventDate "2019.02.23"]

1. Nf3 d6 2. d4 Nf6 3. g3 Nbd7 4. Bg2 e5 5. dxe5 dxe5 6. c3 Bc5 7. Qc2 O-O 8.
O-O a5 9. Nbd2 Re8 10. Ng5 h6 11. Nge4 Bb6 12. c4 Qe7 13. b3 c6 14. a4 Nc5 15.
Nxc5 Bxc5 16. Bb2 Bg4 17. Bc3 Bb4 18. Rfe1 Bh5 19. Qb2 Bg6 20. Nf1 Nd7 21. Red1
Bxc3 22. Qxc3 Nc5 23. Rd2 Qc7 24. b4 axb4 25. Qxb4 Qa5 26. Qb2 Ra6 27. Ra3 Rb6
28. Qa2 Bb1 29. Qa1 Nb3 30. Rxb3 Rxb3 31. h4 Bf5 32. Kh2 Qc3 33. Qxc3 Rxc3 34.
Rb2 Bc8 35. Ne3 Ra3 36. Rb4 Ra2 37. g4 Rxe2 38. Kg3 Rd8 39. Bf3 Ra2 40. c5 Rd4
0-1

[Event "LIBEREC OPEN 2019"]
[Site "Clarion Grandhotel Zlaty Lev, Liberec"]
[Date "2019.02.26"]
[Round "4"]
[White "Dambrauskas, Virginijus"]
[Black "Wuensch, Ulrich"]
[Result "1/2-1/2"]
[WhiteElo "2277"]
[BlackElo "2064"]
[PlyCount "39"]
[EventDate "2019.02.23"]

1. d4 Nf6 2. Nf3 e6 3. Bg5 c5 4. c4 cxd4 5. Nxd4 Qa5+ 6. Bd2 Qb6 7. Nb3 Ne4 8.
e3 Nxd2 9. N1xd2 Be7 10. Bd3 O-O 11. c5 Qc7 12. Rc1 Nc6 13. Nd4 Nxd4 14. exd4
Re8 15. Nf3 d6 16. O-O Bd7 17. g3 Bf6 18. Be4 dxc5 19. dxc5 Red8 20. Qc2
1/2-1/2

[Event "LIBEREC OPEN 2019"]
[Site "Clarion Grandhotel Zlaty Lev, Liberec"]
[Date "2019.02.26"]
[Round "4"]
[White "Hofman, Krystof"]
[Black "Romanov, Sergey"]
[Result "1-0"]
[WhiteElo "2025"]
[BlackElo "2139"]
[PlyCount "89"]
[EventDate "2019.02.23"]

1. d4 d5 2. Nf3 Nf6 3. c4 c6 4. e3 Bg4 5. Nc3 e6 6. Qb3 Qc7 7. Nh4 Nbd7 8. h3
Bh5 9. g4 Bg6 10. Nxg6 hxg6 11. Bg2 Nb6 12. c5 Nbd7 13. Bd2 e5 14. O-O-O O-O-O
15. Qa4 Kb8 16. g5 Nh5 17. Bxd5 b5 18. Nxb5 cxb5 19. Qxb5+ Nb6 20. Bc4 exd4 21.
cxb6 axb6 22. Kb1 Bc5 23. e4 f5 24. b4 Bd6 25. Bd5 Nf4 26. Rc1 Qa7 27. Rc6 Nxd5
28. exd5 Kb7 29. Rhc1 Rh4 30. a4 Qa6 31. Rc7+ Bxc7 32. Rxc7+ Kxc7 33. Qxa6 Rxd5
34. Qa7+ Kc6 35. b5+ Kd6 36. Bb4+ Ke5 37. Bd2 Ke4 38. Qxb6 Rxh3 39. Kc2 Rf3 40.
Qe6+ Re5 41. Qc6+ Rd5 42. b6 Rh3 43. b7 Rh8 44. f3+ Ke5 45. f4+ 1-0

[Event "LIBEREC OPEN 2019"]
[Site "Clarion Grandhotel Zlaty Lev, Liberec"]
[Date "2019.02.26"]
[Round "4"]
[White "Bakhtin, Vladimir A"]
[Black "Nemcova, Karin"]
[Result "1-0"]
[WhiteElo "2138"]
[BlackElo "2033"]
[PlyCount "73"]
[EventDate "2019.02.23"]

1. d4 Nf6 2. Nf3 d5 3. c4 e6 4. g3 dxc4 5. Bg2 Bd7 6. Nbd2 Bc6 7. Nxc4 Bd5 8.
b3 c5 9. O-O Nc6 10. Bb2 cxd4 11. Nxd4 Nxd4 12. Qxd4 Bxg2 13. Kxg2 Qxd4 14.
Bxd4 Be7 15. Ne5 Rd8 16. Rad1 b6 17. Nc6 Rd7 18. a4 Rc7 19. Rc1 O-O 20. Be5 Rd7
21. Nxe7+ Rxe7 22. Bd6 Rd7 23. Bxf8 Kxf8 24. Rfd1 Rb7 25. Rd4 Ke7 26. e4 Nd7
27. b4 a5 28. bxa5 bxa5 29. Rc6 e5 30. Rdc4 Nb6 31. Rc7+ Rxc7 32. Rxc7+ Kd6 33.
Rxf7 Nxa4 34. Rxg7 Nc5 35. Rxh7 Nxe4 36. Ra7 Kc6 37. Rxa5 1-0

[Event "LIBEREC OPEN 2019"]
[Site "Clarion Grandhotel Zlaty Lev, Liberec"]
[Date "2019.02.26"]
[Round "4"]
[White "Bradac, Daniel"]
[Black "Dzikowski, Michal"]
[Result "1/2-1/2"]
[WhiteElo "2020"]
[BlackElo "2132"]
[PlyCount "90"]
[EventDate "2019.02.23"]

1. e4 c6 2. d4 d5 3. exd5 cxd5 4. Bd3 Nc6 5. c3 Qc7 6. Nf3 Bg4 7. h3 Bh5 8. Bg5
e6 9. Nbd2 Bd6 10. O-O Nge7 11. Qa4 O-O 12. Rac1 Bf4 13. Bxf4 Qxf4 14. Rfe1 a6
15. Qc2 Bg6 16. Ne5 Nxe5 17. Rxe5 Nc6 18. Re3 Rac8 19. Qb1 Na5 20. Bxg6 hxg6
21. Qd3 b5 22. b4 Nc4 23. Nxc4 Rxc4 24. g3 Qc7 25. a3 a5 26. Rc2 Rc8 27. Kg2
Qa7 28. Qe2 Qc7 29. Qd3 Ra8 30. Qe2 Qc6 31. Rf3 axb4 32. axb4 Ra3 33. Qd2 Qc7
34. Qc1 Ra4 35. Qb2 Raxb4 36. cxb4 Rxc2 37. Qa3 Rc4 38. Qa8+ Qc8 39. Qa5 Qb8
40. Rf4 Qf8 41. Qxb5 Rxb4 42. Qd7 Rb8 43. Qc7 Re8 44. Rf3 Qe7 45. Qc6 Rf8
1/2-1/2

[Event "LIBEREC OPEN 2019"]
[Site "Clarion Grandhotel Zlaty Lev, Liberec"]
[Date "2019.02.26"]
[Round "4"]
[White "Cermak, Michal"]
[Black "Czarniecka, Aleksandra"]
[Result "0-1"]
[WhiteElo "2106"]
[BlackElo "2022"]
[PlyCount "77"]
[EventDate "2019.02.23"]

1. d4 Nf6 2. c4 g6 3. Nc3 Bg7 4. Nf3 O-O 5. Bf4 d6 6. e3 Nfd7 7. h4 e5 8. dxe5
dxe5 9. Bg3 c6 10. h5 Qe7 11. Qc2 Nc5 12. Bh4 Qd6 13. Rd1 Qc7 14. b4 Nca6 15.
a3 Bf5 16. Bd3 Qc8 17. Ne4 Bxe4 18. Bxe4 f5 19. hxg6 hxg6 20. g4 fxe4 21. Qxe4
Nd7 22. Rd6 Qe8 23. Rxg6 Rxf3 24. Rxg7+ Kxg7 25. Bg5 Qg6 26. Bh6+ Kf7 27. Qxf3+
Ke7 28. Rh5 Kd6 29. Qd1+ Kc7 30. f4 Rh8 31. f5 Qd6 32. Qxd6+ Kxd6 33. c5+ Kd5
34. g5 Nc7 35. Kf2 Ke4 36. g6 Ne8 37. Kg3 Ndf6 38. Rh4+ Kxf5 39. Bg5 0-1

[Event "LIBEREC OPEN 2019"]
[Site "Clarion Grandhotel Zlaty Lev, Liberec"]
[Date "2019.02.26"]
[Round "4"]
[White "Grabarczyk, Sylwester"]
[Black "Ochedzan, Tymon"]
[Result "0-1"]
[WhiteElo "1795"]
[BlackElo "2076"]
[PlyCount "54"]
[EventDate "2019.02.23"]

1. e4 c5 2. Nc3 Nc6 3. f4 g6 4. Nf3 Bg7 5. Bc4 e6 6. O-O Nge7 7. d3 O-O 8. Qe1
d5 9. Bb3 Na5 10. f5 Nxb3 11. axb3 exf5 12. Qh4 fxe4 13. dxe4 dxe4 14. Ng5 h6
15. Ngxe4 Nf5 16. Qf4 b6 17. Rd1 Nd4 18. Be3 f5 19. Nd2 g5 20. Qf1 Nxc2 21.
Qc4+ Kh8 22. Nf1 Qe8 23. Nb5 Nxe3 24. Re1 Nxc4 25. Rxe8 Rxe8 26. Nc7 Bd4+ 27.
Kh1 Bb7 0-1

[Event "LIBEREC OPEN 2019"]
[Site "Clarion Grandhotel Zlaty Lev, Liberec"]
[Date "2019.02.26"]
[Round "4"]
[White "Grzesik, Norbert"]
[Black "Ret, Adam Josef"]
[Result "0-1"]
[WhiteElo "2007"]
[BlackElo "1841"]
[PlyCount "68"]
[EventDate "2019.02.23"]

1. e4 d6 2. d4 Nf6 3. Nc3 e5 4. Nf3 Nbd7 5. Bc4 Be7 6. O-O O-O 7. h3 c6 8. a4
b6 9. Bg5 a6 10. Qd2 Qc7 11. d5 c5 12. Ra3 Qd8 13. Bd3 Nh5 14. Bxe7 Qxe7 15.
Ne2 f5 16. c4 f4 17. Nh2 Qf7 18. a5 Qg6 19. Kh1 bxa5 20. Qxa5 Ndf6 21. Qe1 h6
22. Ng1 Rb8 23. Qe2 f3 24. Ngxf3 Nf4 25. Nh4 Qg5 26. N2f3 Nxe2 27. Nxg5 hxg5
28. Ng6 Re8 29. Bxe2 Kf7 30. Nxe5+ Rxe5 31. f4 gxf4 32. Rxf4 Rxe4 33. Rxe4 Nxe4
34. Bh5+ g6 0-1

[Event "LIBEREC OPEN 2019"]
[Site "Clarion Grandhotel Zlaty Lev, Liberec"]
[Date "2019.02.26"]
[Round "4"]
[White "Peniska, Pavel"]
[Black "Polansky, Adam Lubos"]
[Result "0-1"]
[WhiteElo "1851"]
[BlackElo "1997"]
[PlyCount "54"]
[EventDate "2019.02.23"]

1. d4 Nf6 2. Nf3 g6 3. c4 Bg7 4. Nc3 d5 5. cxd5 Nxd5 6. e4 Nxc3 7. bxc3 c5 8.
Be3 O-O 9. Rc1 Bg4 10. Be2 Qa5 11. Qd2 Nc6 12. d5 Rad8 13. O-O e6 14. Rfd1 Bxf3
15. Bxf3 Ne5 16. Be2 f5 17. f4 Nf7 18. Qb2 exd5 19. e5 Qc7 20. Rd2 Bh6 21. Bf3
Nxe5 22. Bxd5+ Kh8 23. c4 Qg7 24. Bxc5 Bxf4 25. Bd4 Rfe8 26. Re2 Bxc1 27. Rxe5
Bxb2 0-1

[Event "LIBEREC OPEN 2019"]
[Site "Clarion Grandhotel Zlaty Lev, Liberec"]
[Date "2019.02.26"]
[Round "4"]
[White "Zadrazil, Filip"]
[Black "Habenicht, Martin"]
[Result "0-1"]
[WhiteElo "1473"]
[BlackElo "1626"]
[PlyCount "72"]
[EventDate "2019.02.23"]

1. e4 d5 2. exd5 Nf6 3. Bc4 Nxd5 4. Nf3 Bg4 5. d4 e6 6. c3 Nb6 7. Be2 Nc6 8.
Bf4 Bd6 9. Bxd6 Qxd6 10. Nbd2 O-O-O 11. Ng5 Bxe2 12. Qxe2 Qe7 13. Ngf3 Rhe8 14.
O-O-O Qf6 15. Nc4 Nxc4 16. Qxc4 Qf4+ 17. Kc2 e5 18. Rhe1 g5 19. Qe2 e4 20. Nd2
Rxd4 21. Nf3 Rxd1 22. Rxd1 Qf5 23. Nd4 Nxd4+ 24. Rxd4 e3+ 25. Rd3 Qxf2 26. Rd2
Qxe2 27. Rxe2 f5 28. Re1 Kd7 29. Kd3 f4 30. Ke2 Ke6 31. Rd1 Re7 32. g3 Rd7 33.
Re1 Rd2+ 34. Kf3 Kf5 35. gxf4 gxf4 36. Rg1 Rf2# 0-1

[Event "LIBEREC OPEN 2019"]
[Site "Clarion Grandhotel Zlaty Lev, Liberec"]
[Date "2019.02.26"]
[Round "4"]
[White "Sichrovsky, Tomas"]
[Black "Lisko, Petr"]
[Result "0-1"]
[WhiteElo "1312"]
[BlackElo "1571"]
[PlyCount "71"]
[EventDate "2019.02.23"]

1. d4 Nf6 2. c4 c6 3. Nc3 d5 4. Bf4 e6 5. Nf3 Bb4 6. e3 Ne4 7. Qc2 Qa5 8. Rc1
Qxa2 9. Ne5 Bxc3+ 10. bxc3 Qxc2 11. Rxc2 O-O 12. f3 Nf6 13. g4 Nbd7 14. h4 a6
15. h5 Nxe5 16. Bxe5 Nd7 17. Bd6 Re8 18. Rg2 b5 19. c5 e5 20. Kd2 a5 21. Be2
exd4 22. cxd4 Nf8 23. Bd3 a4 24. e4 Be6 25. e5 Ra7 26. f4 Rea8 27. Kc3 a3 28.
f5 b4+ 29. Kb3 a2 30. Ra1 Ra3+ 31. Kc2 Rc3+ 32. Kd2 Raa3 33. Rg3 Bc8 34. Bxf8
Kxf8 35. g5 Ba6 36. Rf3 0-1

[Event "LIBEREC OPEN 2019"]
[Site "Clarion Grandhotel Zlaty Lev, Liberec"]
[Date "2019.02.26"]
[Round "4"]
[White "Sveda, Frantisek"]
[Black "Blazek, Tomas"]
[Result "0-1"]
[WhiteElo "1534"]
[BlackElo "1342"]
[PlyCount "64"]
[EventDate "2019.02.23"]

1. e4 e5 2. Nc3 Nc6 3. a3 Nf6 4. Nf3 d5 5. exd5 Nxd5 6. Be2 Bc5 7. Ne4 Bb6 8.
O-O O-O 9. c4 Nf4 10. c5 f5 11. Bc4+ Kh8 12. Neg5 Bxc5 13. Nf7+ Rxf7 14. Bxf7
e4 15. Ne1 Ne5 16. Qb3 Ng4 17. Bc4 b6 18. Nc2 Bb7 19. Ne3 Bxe3 20. fxe3 Nxg2
21. Kxg2 Qg5 22. Rf2 f4 23. Kg1 f3 24. h3 Nxf2+ 25. Kxf2 Qg2+ 26. Ke1 Qg1+ 27.
Bf1 f2+ 28. Ke2 Ba6+ 29. d3 Bxd3+ 30. Kd2 Qxf1 31. Qd1 Qxd1+ 32. Kxd1 f1=Q+ 0-1

[Event "LIBEREC OPEN 2019"]
[Site "Clarion Grandhotel Zlaty Lev, Liberec"]
[Date "2019.02.26"]
[Round "4"]
[White "Struhar, Viktor"]
[Black "Vetter, Udo"]
[Result "0-1"]
[WhiteElo "1454"]
[BlackElo "1477"]
[PlyCount "56"]
[EventDate "2019.02.23"]

1. e4 c5 2. Nc3 Nc6 3. Nf3 e6 4. Bb5 d5 5. exd5 exd5 6. O-O Nf6 7. d4 c4 8. Ne5
Bd7 9. Bxc6 bxc6 10. Bg5 Be7 11. Re1 O-O 12. b3 cxb3 13. axb3 h6 14. Bh4 Re8
15. f4 Qc7 16. h3 Bf5 17. Ra6 Bd7 18. Qe2 Nh7 19. Qh5 g6 20. Nxg6 Bxh4 21.
Rxe8+ Rxe8 22. Nxh4 Qxf4 23. Ne2 Qd2 24. Kf2 Ng5 25. Ra1 Kg7 26. Re1 Qe3+ 27.
Kf1 Ne4 28. Qf3 Nd2# 0-1

[Event "LIBEREC OPEN 2019"]
[Site "Clarion Grandhotel Zlaty Lev, Liberec"]
[Date "2019.02.26"]
[Round "5"]
[White "Dowgird, Filip"]
[Black "Bakhtin, Vladimir A"]
[Result "1-0"]
[WhiteElo "2270"]
[BlackElo "2138"]
[PlyCount "89"]
[EventDate "2019.02.23"]

1. d4 d6 2. Nf3 g6 3. e4 Nf6 4. Bd3 Bg7 5. O-O O-O 6. h3 c5 7. c3 b6 8. Nbd2
cxd4 9. cxd4 Ba6 10. Bxa6 Nxa6 11. a3 Qd7 12. Qe2 Nc7 13. b3 Qb5 14. Qe3 Rac8
15. Bb2 d5 16. a4 Qa6 17. e5 Nd7 18. Ba3 Rfe8 19. Rfc1 Ne6 20. Rxc8 Qxc8 21.
Rc1 Qb7 22. Qc3 Bh6 23. Rc2 Nb8 24. Nf1 Qd7 25. Bc1 Bxc1 26. Rxc1 f5 27. Ne3
Rd8 28. h4 Qe8 29. Rc2 f4 30. Ng4 h5 31. Ngh2 Kg7 32. Kh1 Qf8 33. Ng1 Qf5 34.
Nhf3 Na6 35. Nh3 Kf8 36. Rc1 Nb8 37. b4 a6 38. b5 axb5 39. axb5 Kg7 40. Nhg5
Nxg5 41. Nxg5 Qg4 42. Kg1 Rf8 43. f3 Qd7 44. Qc7 Rd8 45. Qxd8 1-0

[Event "LIBEREC OPEN 2019"]
[Site "Clarion Grandhotel Zlaty Lev, Liberec"]
[Date "2019.02.26"]
[Round "5"]
[White "Ochedzan, Tymon"]
[Black "Hofman, Krystof"]
[Result "1-0"]
[WhiteElo "2076"]
[BlackElo "2025"]
[PlyCount "123"]
[EventDate "2019.02.23"]

1. e4 c5 2. Nf3 Nc6 3. d4 cxd4 4. Nxd4 Nf6 5. Nc3 e5 6. Ndb5 d6 7. Bg5 a6 8.
Na3 b5 9. Nd5 Be7 10. Bxf6 Bxf6 11. c3 O-O 12. Nc2 Bg5 13. a4 Rb8 14. axb5 axb5
15. Nce3 Bxe3 16. Nxe3 Be6 17. Be2 b4 18. O-O Qc7 19. Ra6 bxc3 20. bxc3 Bb3 21.
Qd2 Rfd8 22. Rfa1 Rb7 23. Nf5 Be6 24. Nxg7 Kxg7 25. Qg5+ Kf8 26. Rxc6 Qe7 27.
Qxe7+ Kxe7 28. g3 Rb2 29. Rc7+ Rd7 30. Rxd7+ Kxd7 31. Bd3 Rb3 32. Rc1 Kc6 33.
Kg2 Kc5 34. Kf3 h6 35. Ke3 Ra3 36. h4 f6 37. Rc2 Bb3 38. Rb2 Bc4 39. Kd2 Ra2
40. Rxa2 Bxa2 41. Ke3 Be6 42. Ba6 Kc6 43. Kd3 Kc5 44. Bb7 Bc4+ 45. Kc2 Be6 46.
Ba6 Kb6 47. Be2 Kc5 48. Kd2 Kb6 49. Bh5 Kc5 50. f4 exf4 51. gxf4 f5 52. Bg6
fxe4 53. f5 Bg8 54. f6 d5 55. Ke3 Kd6 56. f7 Bxf7 57. Bxf7 Ke5 58. Bg6 Kf6 59.
Bxe4 dxe4 60. Kxe4 h5 61. Kf4 Kg6 62. Ke5 1-0

[Event "LIBEREC OPEN 2019"]
[Site "Clarion Grandhotel Zlaty Lev, Liberec"]
[Date "2019.02.26"]
[Round "5"]
[White "Czarniecka, Aleksandra"]
[Black "Dambrauskas, Virginijus"]
[Result "0-1"]
[WhiteElo "2022"]
[BlackElo "2277"]
[PlyCount "93"]
[EventDate "2019.02.23"]

1. e4 c5 2. Nf3 e6 3. d4 cxd4 4. Nxd4 a6 5. c4 Nf6 6. Nc3 d6 7. Be2 Be7 8. O-O
Qc7 9. Be3 Nbd7 10. Rc1 b6 11. f3 Bb7 12. b4 O-O 13. a3 Rac8 14. Nb3 Qb8 15.
Qd2 Bd8 16. Kh1 Bc7 17. Rfd1 Rfe8 18. Bf4 Ne5 19. Bxe5 dxe5 20. c5 Red8 21. Qe3
Nd7 22. c6 Bxc6 23. Bxa6 Bb7 24. Bxb7 Qxb7 25. a4 Bb8 26. Nb5 Rxc1 27. Qxc1 Kf8
28. Qa3 Qc6 29. Rc1 Nf6 30. Qb2 Qc4 31. Na1 Nh5 32. g3 Qd3 33. Qf2 g5 34. Nc2
Rc8 35. Kg2 Rd8 36. Ne1 Qb3 37. Rc2 Qxb4 38. Qxb6 Re8 39. Qc5+ Qxc5 40. Rxc5
Ke7 41. Nd3 g4 42. Nxe5 gxf3+ 43. Kxf3 Nf6 44. Nc3 Bd6 45. Rb5 Rb8 46. h3 Ne8
47. Nc6+ 0-1